Privilegios Reales de la villa de Benavente (Record no. 184013)
[ view plain ]
| 000 -LEADER | |
|---|---|
| campo de control de longitud fija | 01047nam a2200241 i 4500 |
| 001 - NÚMERO DE CONTROL | |
| campo de control | 184013 |
| 003 - IDENTIFICADOR DE NÚMERO DE CONTROL | |
| campo de control | ES-MaACL |
| 005 - FECHA Y HORA DE LA ÚLTIMA TRANSACCIÓN | |
| campo de control | 20250814220415.0 |
| 008 - DATOS DE LONGITUD FIJA--INFORMACIÓN GENERAL | |
| campo de control de longitud fija | 150220s1996 sp fh |||| | spa d |
| 020 ## - NÚMERO INTERNACIONAL ESTÁNDAR DEL LIBRO | |
| Número Internacional Estándar del Libro | 84-920047-2-X |
| 080 ## - NÚMERO DE LA CLASIFICACIÓN DECIMAL UNIVERSAL | |
| Número de la Clasificación Decimal Universal | 946.018.4"11/13"(093) |
| 245 00 - MENCIÓN DEL TÍTULO | |
| Título | Privilegios Reales de la villa de Benavente |
| Resto del título | : (siglos XII-XIV) / |
| Mención de responsabilidad, etc. | Pascual Martínez Sopena, Vidal Aguado Seisdedos, Rafael González Rodríguez. |
| 260 ## - PUBLICACIÓN, DISTRIBUCIÓN, ETC. | |
| Lugar de publicación, distribución, etc. | Benavente : |
| Nombre del editor, distribuidor, etc. | Centro de estudios Benaventanos "Ledo del Pozo" : |
| -- | Círculo de Benavente, |
| Fecha de publicación, distribución, etc. | 1996. |
| 300 ## - DESCRIPCIÓN FÍSICA | |
| Extensión | 103 p., [21] p. de lám. ; |
| Dimensiones | 35 cm. |
| 651 #4 - PUNTO DE ACCESO ADICIONAL DE MATERIA--NOMBRE GEOGRÁFICO | |
| Nombre geográfico | Benavente- |
| Subdivisión general | Historia. |
| 9 (RLIN) | 156156 |
| 700 1# - ENTRADA AGREGADA--NOMBRE PERSONAL | |
| Nombre de persona | Martínez Sopena, Pascual. |
| 9 (RLIN) | 156385 |
| 700 1# - ENTRADA AGREGADA--NOMBRE PERSONAL | |
| Nombre de persona | Aguado Seisdedos, Vidal. |
| 9 (RLIN) | 156386 |
| 700 1# - ENTRADA AGREGADA--NOMBRE PERSONAL | |
| Nombre de persona | González Rodríguez, Rafael, |
| Fechas asociadas al nombre | 1964- |
| 9 (RLIN) | 156145 |
| 710 2# - ENTRADA AGREGADA--NOMBRE DE ENTIDAD CORPORATIVA | |
| Nombre de entidad corporativa o nombre de jurisdicción como elemento de entrada | Centro de Estudios Benaventanos "Ledo del Pozo" |
| 9 (RLIN) | 144530 |
| 710 2# - ENTRADA AGREGADA--NOMBRE DE ENTIDAD CORPORATIVA | |
| Nombre de entidad corporativa o nombre de jurisdicción como elemento de entrada | Círculo de Benavente. |
| 9 (RLIN) | 156387 |
| 852 ## - LOCALIZACIÓN | |
| Ubicación | ES-MaACL |
| Número de control de estantería | B-464 |
| Nota libre | - Enc. tela granate |
| -- | . - Donat. Centro de estudios Benaventanos "Ledo del Pozo" |
| Estatus retirado | Estado de pérdida | Estado de daño | No para préstamo | Biblioteca de origen | Biblioteca actual | Ubicación en estantería | Fecha de adquisición | Fuente de adquisición | Total de préstamos | Signatura topográfica completa | Código de barras | Visto por última vez | Precio de reemplazo | Tipo de ítem Koha |
|---|---|---|---|---|---|---|---|---|---|---|---|---|---|---|
| Biblioteca del Ateneo de Madrid | Biblioteca del Ateneo de Madrid | Sala Pardo Bazán | 20/02/2015 | B-464 | 1193499 | 23/02/2023 | 23/02/2023 | Libro impreso |
